|
|
|
|
| LEADER |
02923nam a2200529 i 4500 |
| 001 |
nkc20233523058 |
| 003 |
CZ PrNK |
| 005 |
20230621084059.0 |
| 007 |
ta |
| 008 |
230530s2023 xr g 000 f cze |
| 015 |
|
|
|a cnb003523058
|
| 020 |
|
|
|a 978-80-242-8934-2
|q (vázáno)
|
| 035 |
|
|
|a (OCoLC)1389729193
|
| 040 |
|
|
|a ABG001
|b cze
|e rda
|
| 041 |
1 |
|
|a cze
|h eng
|
| 072 |
|
7 |
|a 821.111-3
|x Anglická próza, anglicky psaná
|2 Konspekt
|9 25
|
| 080 |
|
|
|a 821.111-31
|2 MRF
|
| 080 |
|
|
|a (0:82-311.9)
|2 MRF
|
| 100 |
1 |
|
|a McCormack, Una,
|d 1972-
|7 osa2016931808
|4 aut
|
| 240 |
1 |
0 |
|a Brinkmanship.
|l Česky
|
| 245 |
1 |
0 |
|a Typhonský pakt.
|p Na pokraji války /
|c Una McCormack ; z anglického originálu Star Trek - Typhon pact: Brinkmanship ... přeložil Jiří Jaňák
|
| 246 |
3 |
0 |
|a Na pokraji války
|
| 250 |
|
|
|a Vydání první
|
| 264 |
|
1 |
|a Praha :
|b Euromedia Group,
|c 2023
|
| 300 |
|
|
|a 258 stran ;
|c 19 cm
|
| 336 |
|
|
|a text
|b txt
|2 rdacontent
|
| 337 |
|
|
|a bez média
|b n
|2 rdamedia
|
| 338 |
|
|
|a svazek
|b nc
|2 rdacarrier
|
| 490 |
1 |
|
|a Star Trek. Nová generace
|
| 500 |
|
|
|a "Vydala Euromedia Group, a.s. v edici Laser"--Tiráž
|
| 520 |
2 |
|
|a Dílo ze světa Star Treku: Nové generace, v němž roste napětí mezi dvěma vesmírnými supervelmocemi.
|b Nezávislý Venettský konvent se stává roznětkou napjatého ozbrojeného mrtvého bodu mezi dvěma mocnostmi dominujícími vesmíru - Spojenou federací planet a nedávno ustanoveným Typhonským paktem. Veneťanská vláda hledá v novém uspořádání ochranu u jednoho z členů Paktu, Tzenkethské koalice, a přitom souhlasila s poskytnutím tří zásobovacích základen k dispozici Tzenkethům. Ovšem tyto základny by v případě vyzbrojení byly nepřijatelně blízko k hranicím federačního prostoru. Zatímco kapitánka Ezri Dax míří s U.S.S. Aventine k jedné z těchto základen zjistit, co přesně se na ní odehrává, kapitán Jean-Luc Picard se musí s U.S.S. Enterprise zhostit diplomatické mise na domovský svět Konventu Venette s rozkazem dosáhnout oboustranně spokojeného mírového rozuzlení. Cardassijští vyslanci se však zjevně nehodlají chovat dvakrát diplomaticky... Nakladatelská anotace. Kráceno.
|
| 655 |
|
7 |
|a anglické romány
|7 fd131814
|2 czenas
|
| 655 |
|
7 |
|a vědecko-fantastické romány
|7 fd133847
|2 czenas
|
| 655 |
|
9 |
|a English fiction
|2 eczenas
|
| 655 |
|
9 |
|a science fiction novels
|2 eczenas
|
| 700 |
1 |
|
|a Jaňák, Jiří
|7 jo20201085452
|4 trl
|
| 765 |
1 |
|
|t Typhon pact.
|9 Česky
|
| 787 |
0 |
8 |
|i Z cyklu:
|t Star Trek - Typhonský pakt
|g 8
|
| 830 |
|
0 |
|a Star Trek (Euromedia Group).
|p Nová generace
|0 s
|
| 910 |
2 |
|
|a BOA001
|b 1-1507.569
|
| 920 |
|
|
|a 4709564
|z ABG001
|
| 928 |
9 |
|
|a Euromedia Group - Laser
|
| 928 |
9 |
|
|a Laser
|
| 990 |
|
|
|a BK
|
| 995 |
|
|
|a 01
|
| 991 |
|
|
|b 202306
|c NOV
|
| 996 |
6 |
|
|b 2610941257
|c 1-1507.569
|l MZK
|r Sklad / do 1 hodiny
|n 1
|p p.v.
|w 001928196
|u 000010
|a 1
|e BOA001
|j MZK50
|s P
|